| 000 | 01509cam a2200445 i 4500 | ||
|---|---|---|---|
| 001 | 6011 | ||
| 003 | FISKH | ||
| 005 | 20250225094222.0 | ||
| 008 | 211117s2022 nyua c 6 000 1 eng | ||
| 010 | _a 2021053922 | ||
| 020 |
_a9780553534382 _q(trade paperback) _c$10.00 |
||
| 020 |
_a9780553534351 _q(hardcover) |
||
| 020 |
_a9780553534368 _q(library binding) |
||
| 020 |
_z9780553534375 _q(ebook) |
||
| 040 |
_aDLC _beng _erda _cDLC |
||
| 050 | _aPZ7.B78 O | ||
| 082 | _a741.5 | ||
| 100 | 1 |
_aBrown, Jeffrey, _d1975- _eauthor, |
|
| 245 | 1 | 0 |
_aOnce upon a space-time! / _cJeffrey Brown. |
| 260 |
_aNew York : _bYearling Adventure, _c2020 |
||
| 300 |
_a222 pages : _billustrations ; _c21 cm. |
||
| 336 |
_atext _btxt _2rdacontent |
||
| 336 |
_astill image _2rdacontent |
||
| 337 |
_aunmediated _bn _2rdamedia |
||
| 338 |
_avolume _bnc _2rdacarrier |
||
| 490 | 0 | _aSpace-time! | |
| 500 | _a"A Yearling Book." | ||
| 500 | _a"RH Graphic." | ||
| 520 | _aJide and Petra are just two normal kids until they are selected to leave Earth and join their new alien classmates on an intergalactic research mission to Mars. | ||
| 650 | 1 | _aGraphic novels. | |
| 650 | 1 |
_aSpace flight _vFiction. |
|
| 650 | 1 |
_aSchools _vFiction. |
|
| 650 | 1 |
_aHuman-alien encounters _vFiction. |
|
| 655 | 7 |
_aAction and adventure comics. _2lcgft |
|
| 655 | 7 |
_aScience fiction comics. _2lcgft |
|
| 655 | 7 |
_aGraphic novels. _2lcgft |
|
| 906 |
_a7 _bcbc _corignew _d1 _eecip _f20 _gy-gencatlg |
||
| 942 |
_2ddc _cBK _n0 |
||
| 999 |
_c6011 _d6011 |
||